000
00319nam a22001337a 4500
008
170524b xxu||||| |||| 00| 0 eng d
020
_a
0070190461
041
_a
eng
080
_a
621
100
_a
26
101
_a
IM
245
_a
AUTOMATIC CONTROLS FOR HEATING AND AIR CONDITIONING
_c
EDWARDS, H.J
942
_2
udc
_c
BK
999
_c
14114
_d
14114